|
|
|
|
| LEADER |
00572cam a2200181 7i4500 |
| 001 |
0000018671 |
| 005 |
20070109090000.0 |
| 020 |
0 |
0 |
|a 0471846651
|
| 090 |
0 |
0 |
|a B 338.95
|b KOT
|
| 100 |
1 |
0 |
|a Kotler
|
| 245 |
1 |
0 |
|a Repositioning Asia :
|b from bubble to sustainable economy.
|
| 260 |
0 |
0 |
|a Singapore:
|b John Wiley & Sons (Asia),
|c 2000.
|
| 300 |
# |
# |
|a 226 p.
|
| 650 |
0 |
0 |
|a Asia --
|x Economic conditions
|
| 650 |
0 |
0 |
|a Asia --
|x Economic policy --
|x Decision making
|
| 650 |
0 |
0 |
|a Industrial management --
|z Asia
|
| 651 |
0 |
0 |
|a Asia
|
| 999 |
|
|
|a B000019416
|b Book
|c Book
|e Business Information Centre
|